000 00545nas a2200193Ia 4500
001 201/R02
003 IT-RoPAU
008 151202c99999999xx |||||||||||| ||und||
040 _aIT-RoPAU
040 _cIT-RoPAU
100 _aAA.VV.
210 _aDIVUS THOMAS FREIBURG
222 _aDIVUS THOMAS FREIBURG
245 _aDIVUS THOMAS FREIBURG
260 _c1948
501 _bPaulus - SPICS - Società San Paolo EM (non-commercial uses only)
_cCopyright 2015
650 _aFILOSOFIA - CRISTIANESIMO
_vPUBBLICAZIONE PERIODICA
942 _cCR
999 _c205409
_d205409